| 000 | 00453 a2200169 4500 | ||
|---|---|---|---|
| 001 | 190153 | ||
| 020 | _a978-85-352-3415-2 | ||
| 040 | _cMagnum | ||
| 100 | _aRosa, Luiz Edmundo | ||
| 240 | 1 | 0 |
_aSe eu fosse vocĂȘ, o que faria como novo gestor de pessoas _lpor |
| 245 | 1 | 0 | _aSe eu fosse vocĂȘ, o que faria como novo gestor de pessoas |
| 300 | _a114 | ||
| 362 | 0 | _a2009 | |
| 440 | 1 | _aElsevier | |
| 697 | _aECONOMIA E DISCIPLINAS AFINS | ||
| 942 | _cBK | ||
| 999 |
_c190153 _d190153 |
||